000
00329nam a2200133Ia 4500
008
240624s9999 xx 000 0 und d
041
_a
eng
082
_a
174.4 MAR
100
_a
MARKS JOEL
245
_a
ETHICS WITHOUT MORALS IN DEFENCE OF AMOR
260
_c
2012
_a
New York
_b
Routledge
300
_a
134 : p.
365
_c
GBP
_b
28
999
_c
20617
_d
20617